| 000 -LEADER |
| fixed length control field |
00644nam a22002057a 4500 |
| 001 - CONTROL NUMBER |
| control field |
9263 |
| 003 - CONTROL NUMBER IDENTIFIER |
| control field |
BD-DhUAP |
| 005 - DATE AND TIME OF LATEST TRANSACTION |
| control field |
20210119095256.0 |
| 008 - FIXED-LENGTH DATA ELEMENTS--GENERAL INFORMATION |
| fixed length control field |
200129s2004 bg ar s f a eng d |
| 040 ## - CATALOGING SOURCE |
| Original cataloging agency |
ICRL |
| Transcribing agency |
ICRL |
| Modifying agency |
BD-DhUAP |
| Language of cataloging |
Eng |
| 082 ## - DEWEY DECIMAL CLASSIFICATION NUMBER |
| Edition number |
23 |
| Classification number |
338.9549205 BAN |
| 245 00 - TITLE STATEMENT |
| Title |
Bangladesh economic review 2004. |
| 260 ## - PUBLICATION, DISTRIBUTION, ETC. |
| Place of publication, distribution, etc. |
Dhaka : |
| Name of publisher, distributor, etc. |
Finance Division, |
| Date of publication, distribution, etc. |
2004. |
| 300 ## - PHYSICAL DESCRIPTION |
| Extent |
xx, 271 pages : |
| Other physical details |
illustrations ; |
| Dimensions |
28 cm. |
| 651 #0 - SUBJECT ADDED ENTRY--GEOGRAPHIC NAME |
| Geographic name |
Bangladesh |
| General subdivision |
Economic conditions |
| -- |
Periodicals. |
| 9 (RLIN) |
3926 |
| 710 1# - ADDED ENTRY--CORPORATE NAME |
| Corporate name or jurisdiction name as entry element |
Government of the People's Republic of Bangladesh. |
| 9 (RLIN) |
3927 |
| 942 ## - ADDED ENTRY ELEMENTS (KOHA) |
| Source of classification or shelving scheme |
|
| Koha item type |
Book |